|
|
|
|
| LEADER |
01200nam a2200277 a 4500 |
| 008 |
101102r19981997enka 001 0 eng d |
| 020 |
|
|
|a 8170299942
|
| 020 |
|
|
|a 1858051711
|
| 040 |
|
|
|a BD-DhAAL
|c BD-DhAAL
|
| 082 |
0 |
4 |
|a 004
|2 20
|
| 100 |
1 |
|
|a Oliver, E. C.
|q (E Colin),
|d 1932-
|
| 245 |
1 |
0 |
|a Oliver and Chapman's data processing and information technology /
|c E. C. Oliver
|
| 246 |
1 |
0 |
|a Data processing and information technology
|
| 250 |
|
|
|a 10th ed.
|
| 260 |
|
|
|a London :
|b DP Publications ;
|a New Delhi :
|b BPB Publications,
|c c1997
|g ( 1998 printing)
|
| 300 |
|
|
|a vii, 501 p. :
|b ill. ;
|c 24 cm.
|
| 500 |
|
|
|a Includes index
|
| 541 |
|
|
|e 00007415
|
| 650 |
|
0 |
|a Information technology
|
| 650 |
|
0 |
|a Electronic data processing
|
| 700 |
1 |
|
|a French, C. S.
|q (Carl S)
|
| 700 |
1 |
|
|a Chapman, R. J.
|q (Richard James),
|d 1941-
|
| 852 |
4 |
|
|a Ayesha Abed Library
|j General shelf
|
| 999 |
|
|
|c 10026
|d 10026
|
| 952 |
|
|
|0 0
|1 0
|2 ddc
|4 0
|6 004_OLI_199800000000000
|7 0
|9 13064
|a BRACUL
|b BRACUL
|c GEN
|d 2010-11-04
|l 0
|o 004 OLI
|p 3010007415
|r 2010-11-04
|t 1
|w 2010-11-04
|y BK
|
| 952 |
|
|
|0 0
|1 0
|2 ddc
|4 0
|6 004_OLI_199800000000000
|7 0
|9 13065
|a BRACUL
|b BRACUL
|c GEN
|d 2010-11-04
|l 0
|o 004 OLI
|p 3010007420
|r 2010-11-04
|t 2
|w 2010-11-04
|y BK
|